Statistics for Top 15 Countries with Covid-19 Cases - 22 August

Click here to take the quiz!

General Stats

  • This quiz has been taken 16 times
  • The average score is 17 of 25

Answer Stats

country% Correct
Mexico
100%
Russia
100%
United Kingdom
100%
United States
100%
Brazil
93%
Argentina
86%
Colombia
86%
India
86%
Spain
86%
Chile
71%
Chile
71%
Peru
71%
South Africa
71%
Iran
64%
Bolivia
57%
Qatar
57%
Saudi Arabia
57%
Bahrain
50%
Bangladesh
50%
Oman
50%
Israel
43%
Kuwait
43%
Panama
43%
Singapore
36%
Armenia
29%

Score Distribution

Percentile by Number Answered

Percent of People with Each Score

Your Score History

You have not taken this quiz